[Event "Ruhrgebiet Verbandsklasse Gruppe 1 1718"]
[Site "Germany"]
[Date "2018.04.29"]
[Round "9.8"]
[White "Reuter, Alfred J"]
[Black "Hielscher, Klaus Peter"]
[Result "1/2-1/2"]
[WhiteElo "1566"]
[BlackElo "1664"]
[PlyCount "32"]
[EventDate "2017.09.17"]
[EventType "team-tourn"]
[EventRounds "9"]
[EventCountry "GER"]
[SourceTitle "EXT 2022"]
[Source "ChessBase"]
[SourceDate "2021.10.06"]
[SourceVersion "1"]
[SourceVersionDate "2021.10.06"]
[SourceQuality "1"]
[WhiteTeam "Hamm SV II"]
[BlackTeam "Wattenscheid SV III"]
[WhiteTeamCountry "GER"]
[BlackTeamCountry "GER"]

1. e4 c5 2. Be2 Nc6 3. f4 d6 4. Nf3 Nf6 5. d3 g6 6. 0-0 Bg7 7. c3 0-0 8. Qe1 e5 9. Na3 a6 10. Nc2 b5 11. Nh4 Rb8 12. f5 b4 13. Bg5 h6 14. Bd2 g5 15. Nf3 bxc3 16. bxc3 c4 1/2-1/2

[Event "GER-chT Betriebe 15th"]
[Site "Munich"]
[Date "2015.10.25"]
[Round "7.4"]
[White "Baranowsky, Peter"]
[Black "Hielscher, Klaus Peter"]
[Result "1-0"]
[WhiteElo "1945"]
[BlackElo "1727"]
[PlyCount "103"]
[EventDate "2015.10.22"]
[EventType "team-swiss"]
[EventRounds "7"]
[EventCountry "GER"]
[SourceTitle "EXT 2020"]
[Source "ChessBase"]
[SourceDate "2019.10.17"]
[SourceVersion "1"]
[SourceVersionDate "2019.10.17"]
[SourceQuality "1"]
[WhiteTeam "Berlin Tempelhof"]
[BlackTeam "Essen RWE"]
[WhiteTeamCountry "GER"]
[BlackTeamCountry "GER"]

1. d4 Nf6 2. c4 g6 3. Nc3 Bg7 4. e4 d6 5. Bd3 e5 6. Nge2 0-0 7. 0-0 Bg4 8. f3 exd4 9. Nxd4 Bd7 10. Bg5 c6 11. Qd2 Re8 12. Rae1 Qb6 13. Be3 Qd8 14. Bb1 Na6 15. Bh6 Bh8 16. Nf5 Bxf5 17. exf5 Rxe1 18. Rxe1 d5 19. Rd1 Qd7 20. cxd5 cxd5 21. Nxd5 Nxd5 22. Qxd5 Qxd5 23. Rxd5 Bxb2 24. Be4 Nb4 25. Rd7 a5 26. Bxb7 Rb8 27. Bf4 Re8 28. Be4 Bc3 29. a3 gxf5 30. Bxf5 Nc6 31. Be4 Nd4 32. Kf1 Ne6 33. Bh6 Nc5 34. Rc7 Nxe4 35. fxe4 Bd4 36. Rc4 Be5 37. Rc5 f6 38. Rxa5 Bb2 39. Ra4 Rd8 40. Ke2 Be5 41. g3 Rb8 42. Bf4 Rb2+ 43. Kf3 Rxh2 44. Bxe5 fxe5 45. Ra5 Ra2 46. Kg4 Kg7 47. Ra7+ Kg6 48. Ra6+ Kg7 49. Kf5 Rf2+ 50. Kxe5 Rf3 51. g4 Kf7 52. a4 1-0

[Event "Ruhrgebiet Verbandsklasse Gruppe 1 1516"]
[Site "Germany"]
[Date "2015.09.06"]
[Round "1.5"]
[White "Wallhof, Dieter"]
[Black "Hielscher, Klaus Peter"]
[Result "1-0"]
[WhiteElo "1821"]
[BlackElo "1727"]
[PlyCount "73"]
[EventDate "2015.09.06"]
[EventType "team-tourn"]
[EventRounds "9"]
[EventCountry "GER"]
[SourceTitle "EXT 2022"]
[Source "ChessBase"]
[SourceDate "2021.10.06"]
[SourceVersion "1"]
[SourceVersionDate "2021.10.06"]
[SourceQuality "1"]
[WhiteTeam "Welper SV II"]
[BlackTeam "Wattenscheid SV IV"]
[WhiteTeamCountry "GER"]
[BlackTeamCountry "GER"]

1. d4 Nf6 2. c4 g6 3. Nc3 Bg7 4. e4 d6 5. Nf3 0-0 6. Be2 c5 7. dxc5 dxc5 8. Be3 Qa5 9. 0-0 Nc6 10. Qc2 Bg4 11. Nd2 Nd4 12. Bxd4 cxd4 13. Nb3 Qd8 14. Rad1 e5 15. Bxg4 Nxg4 16. h3 Nh6 17. Nd5 f5 18. f3 Rc8 19. Nd2 Nf7 20. b3 Nd6 21. Qd3 Rf7 22. Rfe1 Qa5 23. f4 fxe4 24. Nxe4 Nxe4 25. Rxe4 Re8 26. Rde1 Qxa2 27. fxe5 Qf2+ 28. Kh1 Ref8 29. R4e2 Qh4 30. e6 Rf5 31. Re4 Qg5 32. h4 Qh5 33. Ne7+ Kh8 34. Nxf5 gxf5 35. Rf4 Bh6 36. e7 Re8 37. Qxf5 1-0